书目信息 |
| 题名: |
稻盛和夫:什么是经营者?
|
|
| 作者: | ;林焕军 译 ;日经企业家领袖 编 | |
| 分册: | ||
| 出版信息: | 北京 东方出版社 2015 |
|
| 页数: | 167页 | |
| 开本: | 23cm | |
| 丛书名: | ||
| 单 册: | ||
| 中图分类: | F279.313.3 | |
| 科图分类: | ||
| 主题词: | 企业经营管理--Qi Ye Jing Ying Guan Li--经验--日本--现代 | |
| 电子资源: | ||
| ISBN: | 978-7-5060-8008-8 | |
| 000 | 01128nam0 22002651 450 | |
| 001 | 350548 | |
| 005 | 20161011165510.21 | |
| 010 | @a978-7-5060-8008-8@dCNY32.00 | |
| 100 | @a20150624d2015 em y0chiy50 ea | |
| 101 | 1 | @achi@cjpn |
| 102 | @aCN@b110000 | |
| 105 | @ay z 000yy | |
| 106 | @ar | |
| 200 | 1 | @a稻盛和夫:什么是经营者?@ADao Sheng He Fu Shen Me Shi Jing Ying Zhe@f(日)日经企业家领袖编@g林焕军译 |
| 210 | @a北京@c东方出版社@d2015 | |
| 215 | @a167页@d23cm | |
| 300 | @a汉和新知 | |
| 305 | @a北京汉和文化传播有限公司代理版权 | |
| 330 | @a本书通过对稻盛和夫和他的七名学生的采访,从不同的方面论述什么是经营者,经营者必须具备什么样的素质。稻盛和夫本人以自身的经历,论述了经营者必须具备坚强的意志,还必须有一套正确的哲学。而他的七名学生则以自身的企业经营为具体案例,论证了稻盛和夫的经营哲学在企业经营实践中的巨大作用。 | |
| 606 | 0 | @a企业经营管理@AQi Ye Jing Ying Guan Li@x经验@y日本@z现代 |
| 690 | @aF279.313.3@v5 | |
| 702 | 0 | @c(日语)@a林焕军@ALin Huan Jun@4译 |
| 711 | 02 | @c(日)@a日经企业家领袖@ARi Jing Qi Ye Jia Ling Xiu@4编 |
| 801 | 0 | @aCN@bTANGWEI@c20160804 |
| 905 | @b0890585-9@dF279.313.3@e1311@f5 | |
| 稻盛和夫:什么是经营者?/(日)日经企业家领袖编/林焕军译 .-北京:东方出版社,2015 |
| 167页;23cm |
| 汉和新知 |
| ISBN 978-7-5060-8008-8:CNY32.00 |
| 本书通过对稻盛和夫和他的七名学生的采访,从不同的方面论述什么是经营者,经营者必须具备什么样的素质。稻盛和夫本人以自身的经历,论述了经营者必须具备坚强的意志,还必须有一套正确的哲学。而他的七名学生则以自身的企业经营为具体案例,论证了稻盛和夫的经营哲学在企业经营实践中的巨大作用。 |
| ● |
| 相关链接 |
|
|
|
|
正题名:稻盛和夫:什么是经营者?
索取号:F279.313.3/1311
 
预约/预借
| 序号 | 登录号 | 条形码 | 馆藏地/架位号 | 状态 | 备注 |
| 1 | 0890585 | 208905853 | 第一样本阅览室/ [索取号:F279.313.3/1311] | 在馆 | |
| 2 | 0890586 | 208905862 | 第一借阅区/ [索取号:F279.313.3/1311] | 在馆 | |
| 3 | 0890587 | 208905871 | 第一借阅区/ [索取号:F279.313.3/1311] | 在馆 | |
| 4 | 0890588 | 208905880 | 第一借阅区/ [索取号:F279.313.3/1311] | 在馆 | |
| 5 | 0890589 | 208905899 | 密集书库-海洋学院/ [索取号:F279.313.3/1311] | 在馆 |